000 00446nam a2200181Ia 4500
001 12702
005 20260306163001.0
008 260306t2004||||xx |||||||||||||| ||spa||
041 _aESP
082 _a985.033
_bP26
100 _aPardo-Figueroa Thays, Carlos (dir.)
_eAUT
245 0 _aEl virrey Amat y su tiempo
260 _c2004
300 _axiii, 476 páginas :
_c21cm.
650 _aGEN
654 _aCHU
942 _cLIB
_dJUS
_fJUS
_2ddc
_n
999 _c12702
_d12702